000 01319nam a2200277 a 4500
001 4966
003 BD-RjUL
005 20211208234002.0
008 150704s2008 ii 000 0 ben d
020 _c: IRs. 60.00 (V-2)
035 _a(BD-RjUL)5002
040 _aBD-RjUL
_beng
_cBD-RjUL
_dBD-RjUL
041 _aeng
082 _a822.33
_bSHA V-1-V-5 2008
_223
100 1 _aশেকসপীয়র, উইলিয়াম.
_9224189
245 _aশেকসপীয়ার রচনাবলী /
_cউইলিয়াম শেকসপীয়র ; ভূমিকা: অসিতকুমার বন্দ্যোপাধ্যায় ; অনুবাদ: সুধাংশুরঞ্জন ঘোষ
250 _a৬ষ্ঠ সং.
260 _aকলকাতা :
_bতুলি-কলম,
_c২০০৮.
300 _a খণ্ড ;
_c২২ সেমি.
505 0 _aখণ্ড ২ --
650 _aইংরেজী নাটক
_xরচনা সংগ্রহ
_9224190
650 _aEnglish Drama
_xCollected works
_9224191
700 _aবন্দ্যোপাধ্যায়, অসিতকুমার, ভূমিকাকার
_9224196
700 _aঘোষ, সুধাংশুরঞ্জন, অনুবাদক
_9224197
942 _2ddc
_cBK
999 _c4966
_d4966